000 005320000a22001810004500
003 MACL
005 20160410111836.0
008 160410b xxu||||| |||| 00| 0 eng d
040 _aMACL
_cMACL
041 _aHindi
082 _a080
100 _aअग्रवाल राजेश
_951560
245 _aसफलता के 7 नियम
260 _aनई दिल्‍ली
_bज्ञान गंगा
_c2011
350 _a200
650 _aसामान्‍य वर्ग
_936
942 _cHIN
_k080
_2ddc
999 _c48297
_d48297